Twenty One Pilots - Wszystkie piosenki - Statystyki

Ogólne statystyki
  • Ten quiz został rozwiązany 120 razy
  • Średni wynik to 27 z 68
Statystyki odpowiedzi
Tytuł piosenki % Poprawnych
Stressed Out
88%
Ride
84%
Heavydirtysoul
69%
Jumpsuit
68%
Heathens
62%
Chlorine
61%
Car Radio
58%
Doubt
58%
Saturday
57%
Tear in My Heart
57%
Shy Away
55%
Trees
54%
Nico and the Niners
53%
Goner
51%
Holding on to You
51%
Lane Boy
50%
Redecorate
49%
Choker
47%
Leave the City
47%
Morph
47%
Bandito
46%
Truce
46%
Not Today
45%
The Judge
45%
Guns for Hands
43%
House of Gold
43%
Message Man
43%
My Blood
43%
Ode to Sleep
43%
Polarize
43%
The Outside
43%
We Don't Believe What's on TV
43%
Fairly Local
42%
Good Day
42%
Levitate
42%
Migraine
42%
Legend
39%
Hometown
38%
Mulberry Street
38%
Semi-Automatic
38%
Smithereens
36%
The Hype
34%
Fake You Out
32%
Addict With A Pen
31%
Never Take It
31%
Neon Gravestones
30%
Formidable
28%
Bounce Man
27%
Cut My Lip
27%
A Car, A Torch, A Death
26%
No Chances
26%
Screen
26%
Cancer
24%
Isle Of Flightless Birds
24%
Trapdoor
24%
Air Catcher
23%
Pet Cheetach
23%
The Pantaloon
23%
Fall Away
22%
Friend, Please
22%
Taxi Cab
22%
Level of Concern
20%
Before You Start Your Day
18%
Implicit Demand For Proof
18%
Johny Boy
16%
March To The Sea
15%
Christmas Saves The Year
12%
On Ms Believer
1%
Nie znaleziono quizów pasujących do podanych kryteriów
Rozkład punktacji
Procent ludzi z każdym wynikiem
Percentyl według liczby udzielonych odpowiedzi
Twoja historia wyników
Nie rozwiązałeś tego quizu